Los mercados agrícolas y el medio ambiente /
Se analiza los mercados agrícolas y el medio ambiente, la producción agrícola mundial ha aumentado en el último cuarto de siglo más de un 50%, su incidencia en el comercio internacional en una proporción similar y sus precios han bajado constantemente. Las importaciones agrícolaSe analiza los mercad...
Tallennettuna:
| Päätekijä: | |
|---|---|
| Aineistotyyppi: | Teksti |
| Aiheet: | |
| Tagit: |
Lisää tagi
Ei tageja, Lisää ensimmäinen tagi!
|
MARC
| LEADER | 00000 a a2200000 04500 | ||
|---|---|---|---|
| 001 | 10542 | ||
| 003 | |||
| 040 | |||
| 100 | |a Rementería, Iban de | ||
| 245 | |a Los mercados agrícolas y el medio ambiente / |c Iban de Rementería | ||
| 520 | |a Se analiza los mercados agrícolas y el medio ambiente, la producción agrícola mundial ha aumentado en el último cuarto de siglo más de un 50%, su incidencia en el comercio internacional en una proporción similar y sus precios han bajado constantemente. Las importaciones agrícolaSe analiza los mercados agrícolas y el medio ambiente, la producción agrícola mundial ha aumentado en el último cuarto de siglo más de un 50%, su incidencia en el comercio internacional en una proporción similar y sus precios han bajado constantemente. Las importaciones agrícolas de los países del Tercer Mundo han crecido una vez y media. Las políticas de subsidios a la agricultura de los países desarrollados tienen una relación directa, vía descenso de precios, con la falta de productividad rural y el uso irracional de los recursos y la depreciación natural en Asia, Africa y América Latina. En detalle el autor analiza los siguientes temas: el comercio agrícola internacional |a las ventajas comparativas para la economía |a el uso de la tecnología y la fertilidad agronómica |a los excedentes subvaluados y los precios agrícolas internacionales |a las exportaciones agrícolas |a la distribución internacional de la tecnología agrícola, tales como el comercio |a distribución del impacto de la agricultura en la naturaleza, impactos en el medio ambiente, depredación y contaminación. HMBQ/HMBQ | ||
| 650 | |a MEDIO AMBIENTE | ||
| 650 | |a MERCADOS AGRICOLAS | ||
| 650 | |a PRODUCCION | ||
| 650 | |a COMERCIO INTERNACIONAL | ||
| 650 | |a PRECIOS | ||
| 650 | |a PAISES EN DESARROLLO | ||
| 650 | |a ZONAS RURALES | ||
| 650 | |a INGRESO | ||
| 650 | |a CIENCIA Y TECNOLOGIA | ||
| 650 | |a EXPORTACIONES | ||
| 650 | |a EFECTOS EN EL MEDIO AMBIENTE | ||
| 650 | |a CIENCIA Y TECNOLOGIA | ||
| 650 | |a COMERCIO EXTERIOR | ||
| 650 | |a SEGURIDAD ALIMENTARIA | ||
| 650 | |a USO DEL SUELO | ||
| 650 | |a EFECTOS EN EL MEDIO AMBIENTE | ||
| 773 | |g número 148; páginas 108-129 | ||
| 999 | |c 32940 |d 32940 | ||
